| 000 | 01237cam a22003377a 4500 | ||
|---|---|---|---|
| 003 | CHAP | ||
| 005 | 20240828090342.0 | ||
| 008 | 971203d1997 mx r 00110 spa d | ||
| 010 | _a74681 | ||
| 011 | _a75653 | ||
| 035 | _a85219 | ||
| 040 | _cCHAP | ||
| 090 | _aTesis | ||
| 100 | 1 | 0 |
_aAcosta Ramos, Marcelo _9692 |
| 245 | 1 | 0 |
_aCalidad de tres cultivares de papaya (Carica papaya L.)cera , maradol y sunset, y la susceptibilidad a la antracnosis (Colletotrichum gloeosporioides Penz.), en postcosecha _c/por Marcelo Acosta Ramos |
| 260 |
_aChapingo, Méx. : _bEl autor, _c1997 |
||
| 300 | _a118 h. | ||
| 502 | _aTesis (Ing. Agroindustrial) -- UACH. Departamento de Ingeniería Agroindustrial | ||
| 590 |
_aALEPH _b10 _c20130110 _lUCH01 _h1421 |
||
| 590 |
_aBATCH-UPD _b10 _c20130110 _lUCH01 _h0754 |
||
| 590 |
_aCONVERSION _b10 _c20130109 _lUCH01 _h1341 |
||
| 650 | 1 | 4 |
_aColletotrichum gloeosporioides. _925254 |
| 650 | 1 | 4 |
_aPapaya _xAlmacenamiento. _985323 |
| 650 | 1 | 4 |
_aPapaya _xEnfermedades. _985333 |
| 650 | 1 | 4 |
_aPapaya _xVariedades. _985361 |
| 901 | _aBK | ||
| 905 | _aAlejandra Carrasco M. | ||
| 942 | _cFOLL | ||
| 949 |
_bBC _cTES _d33724000636353 _eTS2 _fc.2 _h31322 _i85219 _si |
||
| 949 |
_bBC _cTES _d852191 _eTS1 _h31321 _i85219 _sb |
||
| 999 |
_c74681 _d74681 |
||